Finales de Liga de Campeones en orden - Estadísticas

Estadísticas generales
  • Esta prueba ha sido intentada 45 veces
  • La puntuación promedio es 97 de 210
Estadísticas de respuestas
Hint Winner - Runner-up - Location % Correcto
2025 Inter
94%
2025 Paris Saint-Germain
94%
2023 Manchester City
88%
1956 Real Madrid
88%
2024 Real Madrid
88%
2020 Bayern de Múnich
85%
2024 Borussia Dortmund
85%
2023 Inter
85%
2018 Liverpool
85%
2019 Liverpool
85%
2022 Liverpool
85%
2016 Real Madrid
85%
2017 Real Madrid
85%
2018 Real Madrid
85%
2022 Real Madrid
85%
2014 Atlético de Madrid
82%
2016 Atlético de Madrid
82%
2011 Barcelona
82%
2015 Barcelona
82%
2013 Bayern de Múnich
82%
2021 Chelsea
82%
2017 Juventus
82%
2014 Real Madrid
82%
2019 Tottenham Hotspur
82%
2009 Barcelona
79%
2012 Chelsea
79%
2010 Inter
79%
2015 Juventus
79%
2006 Arsenal
76%
2013 Borussia Dortmund
76%
2021 Manchester City
76%
2011 Manchester United
76%
2007 Milan
76%
2020 Paris Saint-Germain
76%
2000 Real Madrid
76%
2002 Real Madrid
76%
2006 Barcelona
74%
2005 Liverpool
74%
2008 Manchester United
74%
2009 Manchester United
74%
2004 Porto
74%
1957 Real Madrid
74%
1958 Real Madrid
74%
1959 Real Madrid
74%
1960 Real Madrid
74%
2001 Bayern de Múnich
71%
2007 Liverpool
71%
2003 Milan
71%
2005 Milan
71%
2000 Valencia
71%
2001 Valencia
71%
2025 Allianz Arena, Múnich
68%
1992 Barcelona
68%
2002 Bayer Leverkusen
68%
2012 Bayern de Múnich
68%
1997 Borussia Dortmund
68%
2008 Chelsea
68%
1998 Real Madrid
68%
1995 Ajax
65%
2010 Bayern de Múnich
65%
2014 Estádio da Luz, Lisboa
65%
1999 Manchester United
65%
2004 Monaco
65%
1993 Olympique de Marsella
65%
1992 Sampdoria
65%
1999 Bayern de Múnich
62%
1994 Milan
62%
1961 Benfica
59%
1962 Benfica
59%
1996 Juventus
59%
1966 Real Madrid
59%
1956 Reims
59%
2016 San Siro, Milán
59%
2011 Estadio de Wembley, Londres
56%
2005 Estadio Olímpico Atatürk, Estambul
56%
2018 Estadio Olímpico, Kiev
56%
2003 Juventus
56%
2017 Millennium Stadium, Cardiff
56%
1986 Steaua de Bucarest
56%
2020 Estádio da Luz, Lisboa
53%
1991 Estrella Roja
53%
2015 Olympiastadion, Berlín
53%
2012 Allianz Arena, Múnich
50%
1986 Barcelona
50%
1967 Celtic
50%
1964 Inter
50%
1998 Juventus
50%
1963 Milan
50%
2010 Santiago Bernabéu, Madrid
50%
1973 Ajax
47%
2024 Estadio de Wembley, Londres
47%
1990 Milan
47%
1979 Nottingham Forest
47%
1980 Nottingham Forest
47%
2009 Stadio Olimpico, Roma
47%
1971 Ajax
44%
1972 Ajax
44%
1974 Bayern de Múnich
44%
1975 Bayern de Múnich
44%
1976 Bayern de Múnich
44%
1970 Feyenoord
44%
1983 Hamburger
44%
1965 Inter
44%
1985 Juventus
44%
1981 Liverpool
44%
1984 Liverpool
44%
1989 Milan
44%
1988 PSV Eindhoven
44%
1982 Aston Villa
41%
1999 Camp Nou, Barcelona
41%
2013 Estadio de Wembley, Londres
41%
2019 Estadio Metropolitano, Madrid
41%
1957 Fiorentina
41%
1997 Juventus
41%
1977 Liverpool
41%
1978 Liverpool
41%
1968 Manchester United
41%
1969 Milan
41%
1959 Reims
41%
2006 Stade de France, Paris
41%
1994 Barcelona
38%
2008 Estadio de Luzhniki, Moscú
38%
2023 Estadio Olímpico Atatürk, Estambul
38%
1996 Ajax
35%
1960 Eintracht Frankfurt
35%
1992 Estadio de Wembley, Londres
35%
1958 Milan
35%
1987 Porto
35%
2022 Stade de France, París
35%
1961 Barcelona
32%
2002 Hampden Park, Glasgow
32%
1993 Milan
32%
1962 Real Madrid
32%
1998 Ámsterdam Arena, Ámsterdam
29%
1985 Liverpool
29%
1995 Milan
29%
1956 Parque de los Príncipes, París
29%
1966 Partizan
29%
1986 Ramón Sánchez Pizjuán, Sevilla
29%
1981 Real Madrid
29%
1974 Atlético de Madrid
26%
1982 Bayern de Múnich
26%
2021 Estádio do Dragão, Porto
26%
1997 Olympiastadion, Múnich
26%
1991 Olympique de Marsella
26%
1964 Real Madrid
26%
1957 Santiago Bernabéu, Madrid
26%
2007 Estadio Olímpico, Atenas
24%
1983 Juventus
24%
1975 Leeds United
24%
1979 Malmö
24%
1979 Olympiastadion, Múnich
24%
2001 San Siro, Milán
24%
2000 Stade de France, París
24%
2004 Arena AufSchalke, Gelsenkirchen
21%
1987 Bayern de Múnich
21%
1990 Benfica
21%
1977 Borussia Mönchengladbach
21%
1989 Camp Nou, Barcelona
21%
1985 Estadio de Heysel, Bruselas
21%
1963 Estadio de Wembley, Londres
21%
1968 Estadio de Wembley, Londres
21%
1971 Estadio de Wembley, Londres
21%
1978 Estadio de Wembley, Londres
21%
1967 Estadio Nacional, Lisboa
21%
1967 Inter
21%
2003 Old Trafford, Manchester
21%
1993 Olympiastadion, Múnich
21%
1962 Olympisch Stadion, Ámsterdam
21%
1984 Roma
21%
1976 Saint-Etienne
21%
1965 San Siro, Milán
21%
1970 San Siro, Milan
21%
1969 Santiago Bernabéu, Madrid
21%
1980 Santiago Bernabéu, Madrid
21%
1996 Stadio Olimpico, Roma
21%
1991 Stadio San Nicola, Bari
21%
1969 Ajax
18%
1963 Benfica
18%
1965 Benfica
18%
1968 Benfica
18%
1988 Benfica
18%
1970 Celtic
18%
1978 Club Brugge
18%
1973 Estadio Estrella Roja, Belgrado
18%
1994 Estadio Olímpico, Atenas
18%
1980 Hamburger
18%
1960 Hampden Park, Glasgow
18%
1976 Hampden Park, Glasgow
18%
1972 Inter
18%
1973 Juventus
18%
1971 Panathinaikos
18%
1975 Parque de los Príncipes, París
18%
1981 Parque de los Príncipes, París
18%
1977 Stadio Olimpico, Roma
18%
1989 Steaua de Bucarest
18%
1972 De Kuip, Róterdam
15%
1982 De Kuip, Róterdam
15%
1995 Ernst-Happel-Stadion, Viena
15%
1958 Estadio de Heysel, Bruselas
15%
1966 Estadio de Heysel, Bruselas
15%
1974 Estadio de Heysel, Bruselas
15%
1961 Estadio de Wankdorf, Berna
15%
1983 Estadio Olímpico, Atenas
15%
1959 Neckarstadion, Stuttgart
15%
1988 Neckarstadion, Stuttgart
15%
1964 Praterstadion, Viena
15%
1987 Praterstadion, Viena
15%
1990 Praterstadion, Viena
15%
1984 Stadio Olimpico, Roma
15%
No se encontraron pruebas coincidentes
Distribución de puntuación
Porcentaje de gente con cada puntuación
Porcentaje por número respondido
Historial de tus puntuaciones
No has intentado esta prueba.